000 01370nam a2200205Ia 4500
999 _c38789
_d38789
001 5142
003 GE_BSU
005 20190627185104.0
008 181216s1973||||ge |||||||||||||| ||geo||
080 _a621.35(075.8)+621.351+620.193 ა-24
100 _aაგლაძე, რ.
_93004
245 _aგამოყენებითი ელექტროქიმია:დენის ქიმიური წყაროების,ლითონთა კოროზიისა და გალვანოტექნიკის ლაბორატორიული პრაქტიკუმი
_bსახელმძღვ. /
_cრ. აგლაძე ; ნ. ჰოფმანი ; რედ : ა.ავალიანი.
264 _aთბილისი :
_bგანათლება,
_c1973.
300 _a366 გვ .:
_bილ;
_c22 სმ.
653 _aგამოყენებითი ელექტროქიმია
653 _aდენის ქიმიური წყაროების,ლითონთა კოროზიისა და გალვანოტექნიკის ლაბორატორიული პრაქტიკუმი
700 _aჰოფმანი, ნ.
_93005
700 _aავალიანი, ა
_eრედაქტორი
_93006
942 _cBK
_2udc